Statistics for Famous Mormons Quiz

Click here to take the quiz!

General Stats

  • This quiz has been taken 7,708 times
    (3,525 since last reset)
  • The average score is 7 of 17

Answer Stats

ClueMormon% Correct
U.S. presidential candidate of 2008 and 2012.Mitt Romney
87%
Founder of the Latter-Day Saints.Joseph Smith
82%
Family of singers including Wayne, Merrill, Donny, and Marie.The Osmonds
71%
He led the Mormons to Salt Lake City.Brigham Young
70%
"Fast and Furious" star who died in a car accident in 2013.Paul Walker
56%
Winner of 74 consecutive "Jeopardy!" episodes.Ken Jennings
47%
She wrote "Twilight".Stephenie Meyer
41%
She starred in "Knocked Up" and "Grey's Anatomy".Katherine Heigl
40%
Utah senator who served from 1977-2019, the longest term of any Republican senator.Orrin Hatch
32%
Mustoachioed actor who hawked Quaker Oats and diabetes testing supplies.Wilford Brimley
31%
Actor who starred in "Napoleon Dynamite".Jon Heder
30%
Nevada senator who served as Senate Majority leader from 2005-2015.Harry Reid
27%
"Ender's Game" author.Orson Scott Card
26%
7'6" basketball player, drafted by the Philadelphia 76ers in 1993.Shawn Bradley
21%
Author of "The Seven Habits of Highly Effective People".Stephen R. Covey
17%
Heavyweight champ who lost to Gene Tunney in 1926.Jack Dempsey
15%
Black Panther leader who wrote "Soul on Ice". He converted to Mormonism in 1983
and, incredibly, became a conservative Republican.
Eldridge Cleaver
10%

Score Distribution

Percentile by Number Answered

Percent of People with Each Score

Your Score History

You have not taken this quiz since the last reset